000 00457nam a22001695i 4500
008 210714s2021 pau 000 0 eng
020 _a9780323695503
050 _aRK351
_b.L36
100 1 _aIannucci, Joen,
245 1 0 _aDental Radiography /
_cJoen Iannucci, Laura jansen Howerton.
250 _a6.
260 _aU.S
_bElsevier Ltd
_c2022
300 _apages cm
650 _aRadiography,Dental-Method
700 1 _aHowerton, Laura jansen,
942 _cBK
999 _c2603
_d2603